Antitrust uncertainty, and technological innovation

محفوظ في:
التفاصيل البيبلوغرافية
التنسيق: كتاب
اللغة:Undetermined
منشور في: Washington, D. C. National Academy of Sciences 1980
الموضوعات:
الوسوم: إضافة وسم
لا توجد وسوم, كن أول من يضع وسما على هذه التسجيلة!
Thư viện lưu trữ: Trung tâm Học liệu Trường Đại học Cần Thơ
LEADER 00471nam a2200157Ia 4500
001 CTU_86733
008 210402s9999 xx 000 0 und d
082 |a 338.064 
082 |b A633 
245 0 |a Antitrust uncertainty, and technological innovation 
260 |a Washington, D. C. 
260 |b National Academy of Sciences 
260 |c 1980 
650 |a Technological innovations economics 
904 |i Năm 
980 |a Trung tâm Học liệu Trường Đại học Cần Thơ